00378nam a22001217a 4500020000800000040001600008082001600024100003600040245007200076250001200148260002800160300006800188 qPB. cFIZZA ISHAQ a423.12bCOL a Gilmour, Lorna Crozier Justin. aCollins Thesaurus A-Z : Discovery /cLorna Crozier Justin; Gilmour. a1st ED. aUK:b Collins ,c 2005. aviii ; 799 p. ; 24 Collins Thesaurus A-Zc8 x 5.4 x 1.7 inches,